000 02160nam a22003377a 4500
005 20111111095644.0
010 _aENG-104084 B-458508-512
020 _a9780198078975
_c395.00
020 _a0198078978
_c395.00
035 _aEN-87617 B-458508-512
037 _bDBAD/PUB
037 _bK.K.Pub/Ven
082 _a954.1604
245 _aBeyond counter-insurgency :
_cedited by Sanjib Baruah
_bbreaking the impasse in Northeast India /
260 _aNew Delhi
_bOxford University Press
_c2011
270 _aYMCA Library Building, 1, Jai Singh Road
_bNew Delhi
_e110001
300 _aviii,383p. :
_c22cm (pbk)
_bill.
500 _aIncludes bibliographical references and index.
520 _aShort stories, poems, and articles on terrorism in South Asia.
650 _aInsurgency
_zIndia,Northeastern
_xHistory.
_949598
650 _aDemocracy
_zIndia,Northeastern
_xHistory.
_949599
700 _935790
_aBaruah, Sanjib
942 _2ddc
_cEN
_mBEY
_h954.1604
999 _c58298
_d58298